Evaluación de estacionamientos en las vías públicas de San José

محفوظ في:
التفاصيل البيبلوغرافية
المؤلف الرئيسي: Retana Zúñiga, Andrea
التنسيق: كتاب
منشور في: San José, C.R 2000
الموضوعات:
الوسوم: إضافة وسم
لا توجد وسوم, كن أول من يضع وسما على هذه التسجيلة!

MARC

LEADER 00000nam a2200000Ia 4500
003 010166
005 20221231144208.0
008 140114s2000 cr a m 000 ||s d
040 |c cru CEDI 
090 |a TFG 4167 
100 |a Retana Zúñiga, Andrea   |9 8142 
245 |a Evaluación de estacionamientos en las vías públicas de San José  
260 |c 2000  |a  San José, C.R 
300 |a  90 hojas : planos color  
500 |a  Tesis (licenciatura en ingeniería civil)--Universidad de Costa Rica. Facultad de Ingeniería. Escuela de Ingeniería Civil 
650 |x NGENIERÍA DEL TRÁNSITO   |x ESTACIONAMIENTO DE AUTOMOVILES  |x URBANISMO  |9 8143 
942 |c TFG 
999 |c 18270  |d 18270